Statistics for Top 15 Countries with Covid-19 Deaths - 18 May

Click here to take the quiz!

General Stats

  • This quiz has been taken 26 times
  • The average score is 15 of 21

Answer Stats

country% Correct
United States
100%
China
96%
France
92%
Spain
92%
United Kingdom
92%
Brazil
88%
Germany
83%
Italy
83%
Canada
79%
Mexico
75%
Sweden
75%
Sweden
75%
Belgium
71%
Portugal
67%
Iran
63%
Ireland
58%
Netherlands
58%
Switzerland
58%
Turkey
54%
Denmark
38%
Ecuador
29%

Score Distribution

Percentile by Number Answered

Percent of People with Each Score

Your Score History

You have not taken this quiz